| 000 | 00904nam a2200289 i 4500 | ||
|---|---|---|---|
| 003 | EG-GICUC | ||
| 005 | 20260429065317.0 | ||
| 008 | 260429s1954 it ||||fr|||| 00| 0 ita d | ||
| 040 |
_aEG-GiCUC _beng _cEG-GiCUC _dEG-GiCUC _eRda |
||
| 041 | _aita | ||
| 082 | 0 | 4 |
_221 _a343.3 _bSA . M |
| 092 | 0 | 4 | _221 |
| 099 | _aLaw1 10 343.3 SA . M 1954 | ||
| 100 | 1 |
_aSantoro,Arturo _eAuthor. |
|
| 245 |
_aManuale di Diritto Processuale Penale/ _cArturo Santoro. |
||
| 264 | 1 |
_aTorino: _bUnione Tipografico-Editrice Torinese, _c1954. |
|
| 300 |
_a803 page ; _c 24 cm. |
||
| 336 |
_2rda contenu _a texte |
||
| 337 |
_2rda medias _aOrdinateur |
||
| 338 |
_2 transporteur rda _a Ressource en ligne |
||
| 546 | _a Text in Italian | ||
| 650 | 1 | _aDiritto Penale | |
| 650 | 1 | _aCodice di Procedura Penale | |
| 856 | 4 | 0 | _uhttps://fll.law.cu.edu.eg/fulltext/bks/B10-11417.pdf |
| 905 | _a59 | ||
| 942 |
_2ddc _n0 _cBK _e21 |
||
| 999 |
_c74020 _d74020 |
||